Statistics for Most populated cities in Nebraska

Click here to take the quiz!

General Stats

  • This quiz has been taken 35 times
  • The average score is 6 of 10

Answer Stats

PopAnswer% Correct
446599Omaha
100%
272996Lincoln
97%
51236Grand Island
70%
53936Bellevue
63%
32469Kearney
63%
24915Hastings
50%
24444Norfolk
50%
26500Fremont
47%
24327North Platte
47%
23270Papillion
37%

Score Distribution

Percentile by Number Answered

Percent of People with Each Score

Your Score History

You have not taken this quiz